O diário de Anne Frank / (Record no. 376)

MARC details
000 -LÍDER
campo de controle de tamanho fixo 01986nam a2200337 4500
001 - NÚMERO DE CONTROLE
campo de controle 376
003 - IDENTIFICADOR DO NÚMERO DE CONTROLE
campo de controle OSt
005 - DATA E HORÁRIO DA ÚLTIMA TRANSAÇÃO
campo de controle 20250403093817.0
008 - CAMPO DE DADOS FIXOS--INFORMAÇÃO GERAL
campo de controle de tamanho fixo 250403b |||||||g |||| 00| 0 eng d
020 ## - ISBN - INTERNATIONAL STANDARD BOOK NUMBER
ISBN - International Standard Book Number 978850104457
040 ## - FONTE DA CATALOGAÇÃO
Idioma da catalogação por
041 ## - CÓDIGO DE IDIOMA
Código do idioma do original e/ou traduções intermediárias do texto dut
Código do idioma do texto/trilha sonora ou título diferente por
082 ## - CDD - CLASSIFICAÇÃO DECIMAL DE DEWEY
Número de Classificação 920
Número do exemplar F828d
100 1# - ENTRADA PRINCIPAL--NOME PESSOAL
Nome pessoal Frank, Anne,
Datas associadas ao nome 1929-1945.
9 (RLIN) 778
240 ## - TÍTULO UNIFORME
Título uniforme Het Achterhuis
245 ## - TÍTULO
Título O diário de Anne Frank /
Indicação de responsabilidade, etc. Frank, Anne ; Tradução de Alves Calado
250 ## - EDIÇÃO
Declaração de edição 81° ed.
260 ## - PUBLICAÇÃO, DISTRIBUIÇÃO, ETC.
Local de publicação, distribuição, etc. Rio de Janeiro
Nome do editor, distribuidor, etc. Record
Data da publicação, distribuição, etc. 2019
300 ## - DESCRIÇÃO FÍSICA
Extensão 351 p.
520 ## - NOTA DE RESUMO, ETC.
Resumo, etc. O depoimento da pequena Anne Frank, morta pelos nazistas após passar anos escondida no sótão de uma casa em Amsterdã, ainda hoje emociona leitores no mundo inteiro. Seu diário narra os sentimentos, medos e pequenas alegrias de uma menina judia que, com sua família, lutou em vão para sobreviver ao Holocausto.<br/>Lançado em 1947, O diário de Anne Frank tornou-se um dos maiores sucessos editoriais de todos os tempos. Um livro tocante e importante que conta às novas gerações os horrores da perseguição aos judeus durante a Segunda Guerra Mundial.<br/>Agora, seis décadas após ter sido escrito, este relato finalmente é publicado na íntegra, com um caderno de fotos e o resgate de trechos que permaneciam inéditos. Uma nova edição que aprofunda e aumenta nossa compreensão da vida e da personalidade dessa menina que se transformou em um dos grandes símbolos da luta contra a opressão e a injustiça. E consagra O diário de Anne Frank como um dos livros de maior importância do século XX. Uma obra que deve ser lida por todos, para evitar que atrocidades parecidas voltem a acontecer neste mundo.
650 #0 - ASSUNTO--TERMO TÓPICO
Cabeçalho tópico ou nome geográfico Literatura holandesa
9 (RLIN) 593
650 #0 - ASSUNTO--TERMO TÓPICO
Cabeçalho tópico ou nome geográfico 2° Guerra Mundial
9 (RLIN) 56
650 #0 - ASSUNTO--TERMO TÓPICO
Cabeçalho tópico ou nome geográfico Holocausto
9 (RLIN) 780
650 #0 - ASSUNTO--TERMO TÓPICO
Cabeçalho tópico ou nome geográfico Drama
9 (RLIN) 18
650 #0 - ASSUNTO--TERMO TÓPICO
Cabeçalho tópico ou nome geográfico Clássicos
9 (RLIN) 77
650 #0 - ASSUNTO--TERMO TÓPICO
Cabeçalho tópico ou nome geográfico Filme
9 (RLIN) 26
655 #0 - TERMO DE ÍNDICE--GÊNERO E FORMA
Gênero/forma/ou termo foco Romance
655 #0 - TERMO DE ÍNDICE--GÊNERO E FORMA
Gênero/forma/ou termo foco Não Ficção
700 ## - ENTRADA ADICIONADA - NOME PESSOAL
Nome pessoal Alves Calado
Função do autor por extenso Tradutor
9 (RLIN) 325
942 ## - ELEMENTOS DE ENTRADA ADICIONADOS (KOHA)
Fonte de classificação ou esquema de arquivamento Classificação decimal de Dewey
Ocultar no OPAC Não
Tipo de material Koha Livros
Holdings
Situação do descarte Situação das perdas Fonte de classificação ou esquema de arquivamento Status danificado Não pode ser emprestado Coleção Biblioteca de origem Biblioteca atual Localização na estante Data de aquisição Fonte de aquisição Total de empréstimos Número de chamada completo Código de barras Data de último acesso Número do exemplar Data do preço efetivo Tipo de material Koha
    Classificação decimal de Dewey     Ficção Biblioteca Professor Eduardo Afonso de Castro Biblioteca Professor Eduardo Afonso de Castro Literatura Estrangeira 26.09.2019 doação   920 / F828d 2025-16490 03.04.2025 Ex. 01 03.04.2025 Livros
    Classificação decimal de Dewey     Ficção Biblioteca Professor Eduardo Afonso de Castro Biblioteca Professor Eduardo Afonso de Castro Literatura Estrangeira 26.09.2019 doação   920 / F828d 2025-16491 03.04.2025 Ex. 02 03.04.2025 Livros

Powered by Koha